Flowering phenology, flowering time, pollinator activity and the influence of changes in water levels during raining season on Melaleuca Cajuputi in the Mekong Delta, Southern Vietnam

Na minha lista:
Detalhes bibliográficos
Autor principal: Ravnborg, Anne
Formato: Livro
Idioma:Undetermined
Publicado em: Dep. Genetics & Ecology. University of Aarhus 2004
Assuntos:
Tags: Adicionar Tag
Sem tags, seja o primeiro a adicionar uma tag!
Thư viện lưu trữ: Trung tâm Học liệu Trường Đại học Cần Thơ
LEADER 00654nam a2200169Ia 4500
001 CTU_142991
008 210402s9999 xx 000 0 und d
082 |a 363.7 
082 |b R256 
100 |a Ravnborg, Anne 
245 0 |a Flowering phenology, flowering time, pollinator activity and the influence of changes in water levels during raining season on Melaleuca Cajuputi in the Mekong Delta, Southern Vietnam 
245 0 |c Anne Ravnborg 
260 |b Dep. Genetics & Ecology. University of Aarhus 
260 |c 2004 
650 |a Environmental protection,Melaleuca Cajuputi 
904 |i GIang 
980 |a Trung tâm Học liệu Trường Đại học Cần Thơ